| 000 | 00000cam 2200000zi 4500 |
| 001 | 9.963360 |
| 003 | CaOODSP |
| 005 | 20260605145626 |
| 006 | m o d f |
| 007 | cr |n||||||||| |
| 008 | 260605e199510 onc ob f000 0 fre d |
| 040 | |aCaOODSP|bfre|erda|cCaOODSP |
| 043 | |an-cn--- |
| 086 | 1 |aJS82-114/1995F-PDF |
| 245 | 04|aLes femmes purgeant une peine fédérale et les collectivités : |bune relation à rétablir : document de travail / |cpréparé par le Conseil des églises pour la justice et la criminologie pour le Service correctionnel du Canada. |
| 264 | 1|a[Ottawa] : |b[Service correctionnel Canada], |coctobre 1995. |
| 300 | |a1 ressource en ligne (38 pages) |
| 336 | |atexte|btxt|2rdacontent/fre |
| 337 | |ainformatique|bc|2rdamedia/fre |
| 338 | |aressource en ligne|bcr|2rdacarrier/fre |
| 500 | |aÉdition numérisée de l'imprimé [par Sécurité publique Canada]. |
| 500 | |aPublié aussi en anglais sous le titre : Healing the relationship between federally sentenced women and communities : a discussion paper. |
| 504 | |aComprend des références bibliographiques (pages 35-37). |
| 650 | 6|aPrisons de femmes|zCanada. |
| 650 | 6|aPrisonnières|xServices|zCanada. |
| 650 | 6|aCriminelles|xRéhabilitation|zCanada. |
| 710 | 2 |aService correctionnel Canada, |eorganisme de publication. |
| 775 | 08|tHealing the relationship between federally sentenced women and communities : |w(CaOODSP)9.958136 |
| 856 | 40|qPDF|s2.96 Mo|uhttps://publications.gc.ca/collections/collection_2026/sp-ps/JS82-114-1995-fra.pdf |